[Event "8th Arber Open"]
[Site "chess24.com"]
[Date "2019.08.03"]
[Round "8"]
[White "Liebold, Aaron"]
[Black "Villani, Cristian"]
[Result "1/2-1/2"]
[Board "30"]
[WhiteElo "1944"]
[WhiteTeam "ESV Gera"]
[WhiteCountry "GER"]
[WhiteFideId "12997846"]
[WhiteEloChange "2"]
[BlackElo "2017"]
[BlackTeam "SK Durlach"]
[BlackCountry "GER"]
[BlackFideId "24635898"]
[BlackEloChange "-2"]

1. e4 {[%clk 1:30:30]} c6 {[%clk 1:30:30]} 2. d4 {[%clk 1:30:30]} d5 {[%clk
1:30:30]} 3. e5 {[%clk 1:30:30]} Bf5 {[%clk 1:30:30]} 4. Nd2 {[%clk 1:30:30]} e6
{[%clk 1:30:30]} 5. Nb3 {[%clk 1:30:30]} Nd7 {[%clk 1:30:30]} 6. Nf3 {[%clk
1:30:30]} Bg6 {[%clk 1:30:30]} 7. Be2 {[%clk 1:30:30]} Be7 {[%clk 1:30:30]} 8.
Be3 {[%clk 1:30:30]} Nh6 {[%clk 1:30:30]} 9. Qd2 {[%clk 1:30:30]} Nf5 {[%clk
1:30:30]} 10. Bf4 {[%clk 1:30:30]} h6 {[%clk 1:30:30]} 11. Rf1 {[%clk 1:30:30]}
a5 {[%clk 1:30:30]} 12. a4 {[%clk 1:30:30]} Bb4 {[%clk 1:30:30]} 13. c3 {[%clk
1:30:30]} Be7 {[%clk 1:30:30]} 14. g4 {[%clk 1:30:30]} Nh4 {[%clk 1:30:30]} 15.
Nxh4 {[%clk 1:30:30]} Bxh4 {[%clk 1:30:30]} 16. Bg3 {[%clk 1:30:30]} h5 {[%clk
1:30:30]} 17. gxh5 {[%clk 1:30:30]} Bxh5 {[%clk 1:30:30]} 18. Bxh5 {[%clk
1:30:30]} Rxh5 {[%clk 1:30:30]} 19. O-O-O {[%clk 1:30:30]} Be7 {[%clk 1:30:30]}
20. Kc2 {[%clk 1:30:30]} g6 {[%clk 1:30:30]} 21. Rb1 {[%clk 1:30:30]} b5 {[%clk
1:30:30]} 22. Ra1 {[%clk 1:30:30]} Qb6 {[%clk 1:30:30]} 23. Rfb1 {[%clk 1:30:30]}
b4 {[%clk 1:30:30]} 24. Nc1 {[%clk 1:30:30]} c5 {[%clk 1:30:30]} 25. Ne2 {[%clk
1:30:30]} Rc8 {[%clk 1:30:30]} 26. Kd1 {[%clk 1:30:30]} Qa6 {[%clk 1:30:30]} 27.
Nf4 {[%clk 1:30:30]} Rh8 {[%clk 1:30:30]} 28. Qe2 {[%clk 1:30:30]} Qxe2+ {[%clk
1:30:30]} 29. Nxe2 {[%clk 1:30:30]} c4 {[%clk 1:30:30]} 30. Kc2 {[%clk 1:30:30]}
b3+ {[%clk 1:30:30]} 31. Kd2 {[%clk 1:30:30]} Nb6 {[%clk 1:30:30]} 32. Ke3 {[%clk
1:30:30]} Kd7 {[%clk 1:30:30]} 33. Kf3 {[%clk 1:30:30]} Rh7 {[%clk 1:30:30]} 34.
Kg2 {[%clk 1:30:30]} Rch8 {[%clk 1:30:30]} 35. Rh1 {[%clk 1:30:30]} Bd8 {[%clk
1:30:30]} 36. f3 {[%clk 1:30:30]} Nc8 {[%clk 1:30:30]} 37. h3 {[%clk 1:30:30]}
Ne7 {[%clk 1:30:30]} 38. Rh2 {[%clk 1:30:30]} Nf5 {[%clk 1:30:30]} 39. Bf2 {[%clk
1:30:30]} Bg5 {[%clk 1:30:30]} 40. f4 {[%clk 1:30:30]} Be7 {[%clk 1:30:30]} 41.
Rah1 {[%clk 1:30:30]} Bh4 {[%clk 1:30:30]} 42. Bxh4 {[%clk 1:30:30]} Rxh4 {[%clk
1:30:30]} 43. Kf3 {[%clk 1:30:30]} Kc6 {[%clk 1:30:30]} 44. Kf2 {[%clk 1:30:30]}
Ne7 {[%clk 1:30:30]} 45. Kg3 {[%clk 1:30:30]} Nf5+ {[%clk 1:30:30]} 46. Kf2
{[%clk 1:30:30]} R8h5 {[%clk 1:30:30]} 47. Kf3 {[%clk 1:30:30]} Rh8 {[%clk
1:30:30]} 1/2-1/2

[Event "8th Arber Open"]
[Site "chess24.com"]
[Date "2019.08.03"]
[Round "8"]
[White "Vanhee, Lars"]
[Black "Schleich, Theodor, Dr."]
[Result "1-0"]
[Board "31"]
[WhiteElo "1895"]
[WhiteTeam "BELGIEN"]
[WhiteCountry "BEL"]
[WhiteFideId "245453"]
[WhiteEloChange "13"]
[BlackElo "2000"]
[BlackTeam "Muenchener SC"]
[BlackCountry "GER"]
[BlackFideId "24615218"]
[BlackEloChange "-13"]

1. d4 {[%clk 1:30:30]} e6 {[%clk 1:30:30]} 2. c4 {[%clk 1:30:30]} b6 {[%clk
1:30:30]} 3. Nf3 {[%clk 1:30:30]} Bb7 {[%clk 1:30:30]} 4. g3 {[%clk 1:30:30]} Nf6
{[%clk 1:30:30]} 5. Bg2 {[%clk 1:30:30]} Be7 {[%clk 1:30:30]} 6. O-O {[%clk
1:30:30]} O-O {[%clk 1:30:30]} 7. Re1 {[%clk 1:30:30]} d5 {[%clk 1:30:30]} 8. Ne5
{[%clk 1:30:30]} Nbd7 {[%clk 1:30:30]} 9. Nc3 {[%clk 1:30:30]} c5 {[%clk
1:30:30]} 10. Nxd7 {[%clk 1:30:30]} Qxd7 {[%clk 1:30:30]} 11. cxd5 {[%clk
1:30:30]} exd5 {[%clk 1:30:30]} 12. e3 {[%clk 1:30:30]} Rfd8 {[%clk 1:30:30]} 13.
Bd2 {[%clk 1:30:30]} Rac8 {[%clk 1:30:30]} 14. Ne2 {[%clk 1:30:30]} Ne4 {[%clk
1:30:30]} 15. Bc3 {[%clk 1:30:30]} Qf5 {[%clk 1:30:30]} 16. Nf4 {[%clk 1:30:30]}
g5 {[%clk 1:30:30]} 17. Bxe4 {[%clk 1:30:30]} dxe4 {[%clk 1:30:30]} 18. Qh5
{[%clk 1:30:30]} Bf6 {[%clk 1:30:30]} 19. Ne2 {[%clk 1:30:30]} Qf3 {[%clk
1:30:30]} 20. Qxf3 {[%clk 1:30:30]} exf3 {[%clk 1:30:30]} 21. dxc5 {[%clk
1:30:30]} Kg7 {[%clk 1:30:30]} 22. Bxf6+ {[%clk 1:30:30]} Kxf6 {[%clk 1:30:30]}
23. Nc3 {[%clk 1:30:30]} bxc5 {[%clk 1:30:30]} 24. Red1 {[%clk 1:30:30]} Ke5
{[%clk 1:30:30]} 25. Rac1 {[%clk 1:30:30]} c4 {[%clk 1:30:30]} 26. Nb5 {[%clk
1:30:30]} a6 {[%clk 1:30:30]} 27. Nd4 {[%clk 1:30:30]} Ke4 {[%clk 1:30:30]} 28.
h3 {[%clk 1:30:30]} f5 {[%clk 1:30:30]} 29. Rc3 {[%clk 1:30:30]} h5 {[%clk
1:30:30]} 30. Rdc1 {[%clk 1:30:30]} Bd5 {[%clk 1:30:30]} 31. Re1 {[%clk 1:30:30]}
Rb8 {[%clk 1:30:30]} 32. Rc2 {[%clk 1:30:30]} Rb6 {[%clk 1:30:30]} 33. Nxf3
{[%clk 1:30:30]} Kxf3 {[%clk 1:30:30]} 34. e4 {[%clk 1:30:30]} 1-0

[Event "8th Arber Open"]
[Site "chess24.com"]
[Date "2019.08.03"]
[Round "8"]
[White "Strangmueller, Andreas"]
[Black "Simacek, Vaclav"]
[Result "0-1"]
[Board "32"]
[WhiteElo "1968"]
[WhiteTeam "SK Landshut"]
[WhiteCountry "GER"]
[WhiteFideId "1270212"]
[WhiteEloChange "-14"]
[BlackElo "1809"]
[BlackTeam "SC Bayerwald"]
[BlackCountry "CZE"]
[BlackFideId "338338"]
[BlackEloChange "14"]

1. d4 {[%clk 1:30:30]} Nf6 {[%clk 1:30:30]} 2. c4 {[%clk 1:30:30]} e5 {[%clk
1:30:30]} 3. dxe5 {[%clk 1:30:30]} Ng4 {[%clk 1:30:30]} 4. Nf3 {[%clk 1:30:30]}
Nc6 {[%clk 1:30:30]} 5. e3 {[%clk 1:30:30]} Ncxe5 {[%clk 1:30:30]} 6. Be2 {[%clk
1:30:30]} Bb4+ {[%clk 1:30:30]} 7. Nbd2 {[%clk 1:30:30]} O-O {[%clk 1:30:30]} 8.
O-O {[%clk 1:30:30]} Qf6 {[%clk 1:30:30]} 9. Nxe5 {[%clk 1:30:30]} Nxe5 {[%clk
1:30:30]} 10. a3 {[%clk 1:30:30]} Bd6 {[%clk 1:30:30]} 11. Ne4 {[%clk 1:30:30]}
Qe6 {[%clk 1:30:30]} 12. Nxd6 {[%clk 1:30:30]} cxd6 {[%clk 1:30:30]} 13. b3
{[%clk 1:30:30]} b6 {[%clk 1:30:30]} 14. f4 {[%clk 1:30:30]} Nc6 {[%clk 1:30:30]}
15. Bf3 {[%clk 1:30:30]} Bb7 {[%clk 1:30:30]} 16. Bd5 {[%clk 1:30:30]} Qe7 {[%clk
1:30:30]} 17. Qf3 {[%clk 1:30:30]} Rab8 {[%clk 1:30:30]} 18. Bb2 {[%clk 1:30:30]}
Na5 {[%clk 1:30:30]} 19. Qg3 {[%clk 1:30:30]} g6 {[%clk 1:30:30]} 20. f5 {[%clk
1:30:30]} Bxd5 {[%clk 1:30:30]} 21. cxd5 {[%clk 1:30:30]} Nxb3 {[%clk 1:30:30]}
22. f6 {[%clk 1:30:30]} Qe4 {[%clk 1:30:30]} 23. Qg5 {[%clk 1:30:30]} Kh8 {[%clk
1:30:30]} 24. Rae1 {[%clk 1:30:30]} Qc2 {[%clk 1:30:30]} 25. Rf2 {[%clk 1:30:30]}
Nd2 {[%clk 1:30:30]} 26. Qh6 {[%clk 1:30:30]} Rg8 {[%clk 1:30:30]} 27. Bc1 {[%clk
1:30:30]} Rbc8 {[%clk 1:30:30]} 28. Rxd2 {[%clk 1:30:30]} Qc3 {[%clk 1:30:30]}
29. Rde2 {[%clk 1:30:30]} g5 {[%clk 1:30:30]} 30. Bb2 {[%clk 1:30:30]} Qd3 {[%clk
1:30:30]} 31. Qh3 {[%clk 1:30:30]} g4 {[%clk 1:30:30]} 32. Qg3 {[%clk 1:30:30]}
Qxd5 {[%clk 1:30:30]} 33. Bd4 {[%clk 1:30:30]} Rg6 {[%clk 1:30:30]} 0-1

[Event "8th Arber Open"]
[Site "chess24.com"]
[Date "2019.08.03"]
[Round "8"]
[White "Kneutgen, Alexander"]
[Black "Kiwitz, Henri"]
[Result "1-0"]
[Board "35"]
[WhiteElo "1920"]
[WhiteTeam "SG Niederkassel"]
[WhiteCountry "GER"]
[WhiteFideId "4637364"]
[WhiteEloChange "6"]
[BlackElo "1755"]
[BlackTeam "SV Unser Fritz"]
[BlackCountry "GER"]
[BlackFideId "12952397"]
[BlackEloChange "-6"]

1. Nf3 {[%clk 1:30:30]} d5 {[%clk 1:30:30]} 2. g3 {[%clk 1:30:30]} Nf6 {[%clk
1:30:30]} 3. Bg2 {[%clk 1:30:30]} e6 {[%clk 1:30:30]} 4. O-O {[%clk 1:30:30]} Be7
{[%clk 1:30:30]} 5. d3 {[%clk 1:30:30]} O-O {[%clk 1:30:30]} 6. Nbd2 {[%clk
1:30:30]} c5 {[%clk 1:30:30]} 7. e4 {[%clk 1:30:30]} Nc6 {[%clk 1:30:30]} 8. e5
{[%clk 1:30:30]} Nd7 {[%clk 1:30:30]} 9. Re1 {[%clk 1:30:30]} Qc7 {[%clk
1:30:30]} 10. Qe2 {[%clk 1:30:30]} b5 {[%clk 1:30:30]} 11. Nf1 {[%clk 1:30:30]}
Bb7 {[%clk 1:30:30]} 12. h4 {[%clk 1:30:30]} Rfc8 {[%clk 1:30:30]} 13. Bf4 {[%clk
1:30:30]} Qd8 {[%clk 1:30:30]} 14. N1h2 {[%clk 1:30:30]} Bf8 {[%clk 1:30:30]} 15.
Ng4 {[%clk 1:30:30]} a5 {[%clk 1:30:30]} 16. c3 {[%clk 1:30:30]} b4 {[%clk
1:30:30]} 17. h5 {[%clk 1:30:30]} h6 {[%clk 1:30:30]} 18. Nh4 {[%clk 1:30:30]}
Ne7 {[%clk 1:30:30]} 19. c4 {[%clk 1:30:30]} Nb6 {[%clk 1:30:30]} 20. Rad1 {[%clk
1:30:30]} Rab8 {[%clk 1:30:30]} 21. Nf6+ {[%clk 1:30:30]} gxf6 {[%clk 1:30:30]}
22. exf6 {[%clk 1:30:30]} Nc6 {[%clk 1:30:30]} 23. Qg4+ {[%clk 1:30:30]} Kh8
{[%clk 1:30:30]} 24. Rxe6 {[%clk 1:30:30]} fxe6 {[%clk 1:30:30]} 25. Ng6+ {[%clk
1:30:30]} Kh7 {[%clk 1:30:30]} 26. Nxf8+ {[%clk 1:30:30]} Qxf8 {[%clk 1:30:30]}
27. Qg6+ {[%clk 1:30:30]} Kh8 {[%clk 1:30:30]} 28. Bxh6 {[%clk 1:30:30]} Qg8
{[%clk 1:30:30]} 29. Bg7+ {[%clk 1:30:30]} Qxg7 {[%clk 1:30:30]} 30. Qxg7# {[%clk
1:30:30]} 1-0

[Event "8th Arber Open"]
[Site "chess24.com"]
[Date "2019.08.03"]
[Round "8"]
[White "McPherson, Elisha"]
[Black "Seifert, Ronny"]
[Result "1-0"]
[Board "36"]
[WhiteElo "1705"]
[WhiteTeam "SF Augsburg"]
[WhiteCountry "GER"]
[WhiteFideId "16255852"]
[WhiteEloChange "15"]
[BlackElo "1888"]
[BlackTeam "Glauchauer SC"]
[BlackCountry "GER"]
[BlackFideId "4679067"]
[BlackEloChange "-15"]

1. e4 {[%clk 1:30:30]} g6 {[%clk 1:30:30]} 2. d4 {[%clk 1:30:30]} Bg7 {[%clk
1:30:30]} 3. Nc3 {[%clk 1:30:30]} c5 {[%clk 1:30:30]} 4. Nf3 {[%clk 1:30:30]}
cxd4 {[%clk 1:30:30]} 5. Nxd4 {[%clk 1:30:30]} Nc6 {[%clk 1:30:30]} 6. Be3 {[%clk
1:30:30]} d6 {[%clk 1:30:30]} 7. Bc4 {[%clk 1:30:30]} Nf6 {[%clk 1:30:30]} 8. f3
{[%clk 1:30:30]} Bd7 {[%clk 1:30:30]} 9. Qd2 {[%clk 1:30:30]} Rc8 {[%clk
1:30:30]} 10. Bb3 {[%clk 1:30:30]} Qa5 {[%clk 1:30:30]} 11. O-O-O {[%clk
1:30:30]} h5 {[%clk 1:30:30]} 12. Kb1 {[%clk 1:30:30]} Ne5 {[%clk 1:30:30]} 13.
Qe2 {[%clk 1:30:30]} a6 {[%clk 1:30:30]} 14. h3 {[%clk 1:30:30]} b5 {[%clk
1:30:30]} 15. f4 {[%clk 1:30:30]} Nc4 {[%clk 1:30:30]} 16. Bd2 {[%clk 1:30:30]}
Nxd2+ {[%clk 1:30:30]} 17. Rxd2 {[%clk 1:30:30]} Bh6 {[%clk 1:30:30]} 18. e5
{[%clk 1:30:30]} dxe5 {[%clk 1:30:30]} 19. fxe5 {[%clk 1:30:30]} Nh7 {[%clk
1:30:30]} 20. Bxf7+ {[%clk 1:30:30]} Kxf7 {[%clk 1:30:30]} 21. e6+ {[%clk
1:30:30]} Kf8 {[%clk 1:30:30]} 22. exd7 {[%clk 1:30:30]} Rxc3 {[%clk 1:30:30]}
23. d8Q+ {[%clk 1:30:30]} 1-0

[Event "8th Arber Open"]
[Site "chess24.com"]
[Date "2019.08.04"]
[Round "9"]
[White "Hoffmann, Michael"]
[Black "Delchev, Aleksander"]
[Result "1/2-1/2"]
[Board "2"]
[WhiteElo "2438"]
[WhiteTitle "GM"]
[WhiteCountry "GER"]
[WhiteFideId "4601297"]
[WhiteEloChange "2"]
[BlackElo "2571"]
[BlackTitle "GM"]
[BlackCountry "BUL"]
[BlackFideId "2900394"]
[BlackEloChange "-2"]

1. c4 {[%clk 1:30:42]} e5 {[%clk 1:30:33]} 2. Nc3 {[%clk 1:30:21]} Bb4 {[%clk
1:30:51]} 3. Nd5 {[%clk 1:30:04]} Bc5 {[%clk 1:31:17]} 4. b4 {[%clk 1:27:39]} Bf8
{[%clk 1:26:07]} 5. Bb2 {[%clk 1:26:51]} c6 {[%clk 1:25:53]} 6. Ne3 {[%clk
1:27:09]} d6 {[%clk 1:24:55]} 7. Qc2 {[%clk 1:15:42]} Nf6 {[%clk 1:24:59]} 8. g3
{[%clk 1:12:03]} Ng4 {[%clk 1:09:00]} 9. Nxg4 {[%clk 1:07:05]} Bxg4 {[%clk
1:09:26]} 10. Bg2 {[%clk 1:06:59]} Be7 {[%clk 1:09:52]} 11. Nf3 {[%clk 1:05:05]}
Bf6 {[%clk 1:04:39]} 12. O-O {[%clk 1:00:25]} O-O {[%clk 1:05:00]} 13. h3 {[%clk
0:54:31]} Bh5 {[%clk 1:04:37]} 14. e3 {[%clk 0:51:50]} 1/2-1/2

[Event "8th Arber Open"]
[Site "chess24.com"]
[Date "2019.08.04"]
[Round "9"]
[White "Woelk, Tom-Frederic"]
[Black "Neiss, Josef Martin"]
[Result "1-0"]
[Board "11"]
[WhiteElo "2229"]
[WhiteCountry "GER"]
[WhiteFideId "12993077"]
[WhiteEloChange "5"]
[BlackElo "2041"]
[BlackCountry "GER"]
[BlackFideId "4643623"]
[BlackEloChange "-5"]

1. d4 {[%clk 1:30:57]} Nf6 {[%clk 1:24:48]} 2. c4 {[%clk 1:31:00]} e5 {[%clk
1:24:55]} 3. dxe5 {[%clk 1:31:23]} Ng4 {[%clk 1:25:21]} 4. Bf4 {[%clk 1:31:20]}
Nc6 {[%clk 1:25:43]} 5. Nf3 {[%clk 1:31:46]} Bb4+ {[%clk 1:26:08]} 6. Nc3 {[%clk
1:32:08]} Bxc3+ {[%clk 1:26:14]} 7. bxc3 {[%clk 1:32:32]} Qe7 {[%clk 1:26:22]} 8.
Qd5 {[%clk 1:32:31]} f6 {[%clk 1:26:42]} 9. exf6 {[%clk 1:32:56]} Nxf6 {[%clk
1:27:06]} 10. Qd3 {[%clk 1:33:22]} d6 {[%clk 1:26:16]} 11. g3 {[%clk 1:33:24]} b6
{[%clk 1:22:48]} 12. Bg2 {[%clk 1:33:36]} Bb7 {[%clk 1:23:12]} 13. O-O {[%clk
1:33:47]} O-O-O {[%clk 1:18:32]} 14. Nd4 {[%clk 1:30:34]} Ne5 {[%clk 1:14:51]}
15. Bxe5 {[%clk 1:29:58]} dxe5 {[%clk 1:12:26]} 16. Bxb7+ {[%clk 1:25:41]} Kxb7
{[%clk 1:12:36]} 17. Qf3+ {[%clk 1:26:06]} e4 {[%clk 1:11:58]} 18. Qf5 {[%clk
1:26:29]} c5 {[%clk 1:08:32]} 19. Ne6 {[%clk 1:20:59]} Rd6 {[%clk 1:05:56]} 20.
Nf4 {[%clk 1:21:11]} Rhd8 {[%clk 0:59:29]} 21. Rab1 {[%clk 1:16:47]} Ka6 {[%clk
0:46:53]} 22. Ng2 {[%clk 0:58:19]} Rd2 {[%clk 0:40:27]} 23. a4 {[%clk 0:54:15]}
Qd7 {[%clk 0:35:23]} 24. Qg5 {[%clk 0:51:36]} h6 {[%clk 0:34:36]} 25. Qg6 {[%clk
0:46:01]} Qg4 {[%clk 0:32:54]} 26. Qxg4 {[%clk 0:42:37]} Nxg4 {[%clk 0:33:22]}
27. a5 {[%clk 0:41:36]} Rxe2 {[%clk 0:31:02]} 28. axb6 {[%clk 0:41:11]} axb6
{[%clk 0:31:17]} 29. Nf4 {[%clk 0:41:36]} Ra2 {[%clk 0:28:31]} 30. Nd5 {[%clk
0:40:56]} Rd6 {[%clk 0:23:13]} 31. Rbe1 {[%clk 0:34:49]} Nf6 {[%clk 0:13:26]} 32.
Nxf6 {[%clk 0:29:01]} Rxf6 {[%clk 0:12:38]} 33. Rxe4 {[%clk 0:29:27]} Rf3 {[%clk
0:10:18]} 34. Re8 {[%clk 0:29:33]} Rf7 {[%clk 0:08:01]} 35. f4 {[%clk 0:27:09]}
Ra4 {[%clk 0:07:27]} 36. Re4 {[%clk 0:14:54]} Rd7 {[%clk 0:06:06]} 37. f5 {[%clk
0:12:49]} h5 {[%clk 0:03:40]} 38. Kg2 {[%clk 0:11:49]} Ra3 {[%clk 0:03:02]} 39.
Rf3 {[%clk 0:10:10]} Rd2+ {[%clk 0:02:02]} 40. Kh3 {[%clk 0:10:29]} Raa2 {[%clk
0:02:10]} 41. Kh4 {[%clk 0:10:54]} Rxh2+ {[%clk 0:00:35]} 42. Kg5 {[%clk
0:11:19]} Rag2 {[%clk 0:27:33]} 43. Rh4 {[%clk 0:35:16]} Rxh4 {[%clk 0:26:21]}
44. Kxh4 {[%clk 0:35:32]} Rh2+ {[%clk 0:24:59]} 45. Kg5 {[%clk 0:35:51]} Rh3
{[%clk 0:24:25]} 46. Kf4 {[%clk 0:33:08]} b5 {[%clk 0:18:44]} 47. Re3 {[%clk
0:27:16]} h4 {[%clk 0:16:28]} 48. g4 {[%clk 0:22:13]} Rxe3 {[%clk 0:16:34]} 49.
cxb5+ {[%clk 0:22:37]} Kxb5 {[%clk 0:13:12]} 50. Kxe3 {[%clk 0:23:05]} h3 {[%clk
0:12:32]} 51. Kf3 {[%clk 0:23:24]} h2 {[%clk 0:12:50]} 52. Kg2 {[%clk 0:23:52]}
Kc4 {[%clk 0:13:09]} 53. Kxh2 {[%clk 0:22:53]} Kxc3 {[%clk 0:13:24]} 54. g5
{[%clk 0:23:20]} Kd2 {[%clk 0:13:02]} 55. f6 {[%clk 0:22:31]} gxf6 {[%clk
0:13:25]} 56. g6 {[%clk 0:22:24]} c4 {[%clk 0:13:45]} 57. g7 {[%clk 0:22:51]} c3
{[%clk 0:14:00]} 58. g8Q {[%clk 0:23:16]} c2 {[%clk 0:14:23]} 59. Qd5+ {[%clk
0:23:42]} Kc1 {[%clk 0:13:45]} 60. Kg2 {[%clk 0:23:05]} f5 {[%clk 0:14:00]} 61.
Kf1 {[%clk 0:23:03]} f4 {[%clk 0:14:13]} 62. Ke1 {[%clk 0:19:53]} f3 {[%clk
0:14:34]} 63. Qxf3 {[%clk 0:19:51]} Kb1 {[%clk 0:14:43]} 64. Qb3+ {[%clk
0:19:45]} Ka1 {[%clk 0:15:01]} 65. Qa3+ {[%clk 0:20:09]} Kb1 {[%clk 0:15:21]} 66.
Kd2 {[%clk 0:20:37]} 1-0

[Event "8th Arber Open"]
[Site "chess24.com"]
[Date "2019.08.04"]
[Round "9"]
[White "Hoffmann, Tim"]
[Black "Kolb, Wolfgang"]
[Result "1-0"]
[Board "16"]
[WhiteElo "2147"]
[WhiteCountry "GER"]
[WhiteFideId "12900338"]
[WhiteEloChange "7"]
[BlackElo "2034"]
[BlackCountry "GER"]
[BlackFideId "4678710"]
[BlackEloChange "-7"]

1. e4 {[%clk 1:30:57]} c6 {[%clk 1:30:55]} 2. d4 {[%clk 1:31:21]} d5 {[%clk
1:31:16]} 3. e5 {[%clk 1:31:38]} c5 {[%clk 1:31:41]} 4. dxc5 {[%clk 1:31:52]} Nc6
{[%clk 1:31:46]} 5. Nf3 {[%clk 1:31:27]} Bg4 {[%clk 1:32:07]} 6. c3 {[%clk
1:31:01]} e6 {[%clk 1:31:41]} 7. Be3 {[%clk 1:30:40]} Bxf3 {[%clk 1:24:17]} 8.
Qxf3 {[%clk 1:30:30]} Nxe5 {[%clk 1:23:47]} 9. Bb5+ {[%clk 1:26:42]} Nc6 {[%clk
1:24:03]} 10. O-O {[%clk 1:26:45]} Ne7 {[%clk 1:22:09]} 11. c4 {[%clk 1:23:44]}
a6 {[%clk 1:08:52]} 12. Ba4 {[%clk 1:22:50]} Qa5 {[%clk 1:09:11]} 13. Nc3 {[%clk
1:21:50]} Rd8 {[%clk 1:09:22]} 14. Rad1 {[%clk 1:19:18]} dxc4 {[%clk 0:48:35]}
15. Rxd8+ {[%clk 1:18:05]} Qxd8 {[%clk 0:48:49]} 16. Rd1 {[%clk 1:18:08]} Qc8
{[%clk 0:49:03]} 17. Rd6 {[%clk 1:03:23]} f6 {[%clk 0:35:12]} 18. Ne4 {[%clk
0:53:44]} Nd5 {[%clk 0:33:58]} 19. Qh3 {[%clk 0:39:50]} f5 {[%clk 0:33:04]} 20.
Bg5 {[%clk 0:39:25]} fxe4 {[%clk 0:18:48]} 21. Rxe6+ {[%clk 0:18:06]} Be7 {[%clk
0:17:24]} 22. Qf5 {[%clk 0:13:25]} Qd7 {[%clk 0:16:04]} 23. Qxe4 {[%clk 0:12:49]}
Kf7 {[%clk 0:15:25]} 24. Bxe7 {[%clk 0:07:21]} Ndxe7 {[%clk 0:14:56]} 25. Rd6
{[%clk 0:07:12]} Qf5 {[%clk 0:13:19]} 26. Qxc4+ {[%clk 0:07:35]} Ke8 {[%clk
0:13:05]} 27. h3 {[%clk 0:04:49]} Qe5 {[%clk 0:08:01]} 28. Qd3 {[%clk 0:03:51]}
Qe1+ {[%clk 0:05:10]} 29. Kh2 {[%clk 0:03:51]} Qe5+ {[%clk 0:05:34]} 30. g3
{[%clk 0:03:45]} Kf8 {[%clk 0:05:05]} 31. Rd8+ {[%clk 0:02:44]} Nxd8 {[%clk
0:05:15]} 32. Qxd8+ {[%clk 0:03:09]} Kf7 {[%clk 0:05:38]} 33. Bb3+ {[%clk
0:03:30]} Kg6 {[%clk 0:05:02]} 34. Qxh8 {[%clk 0:03:56]} Qxc5 {[%clk 0:05:03]}
35. Qe8+ {[%clk 0:04:01]} Kh6 {[%clk 0:05:06]} 36. Qf8 {[%clk 0:04:07]} Qe5
{[%clk 0:04:10]} 37. Kg2 {[%clk 0:02:51]} Ng6 {[%clk 0:04:05]} 38. Qf3 {[%clk
0:02:44]} b6 {[%clk 0:01:24]} 39. Bc2 {[%clk 0:02:30]} Ne7 {[%clk 0:00:52]} 40.
Be4 {[%clk 0:02:13]} Qxb2 {[%clk 0:00:35]} 41. Qe3+ {[%clk 0:30:46]} g5 {[%clk
0:29:41]} 42. h4 {[%clk 0:31:00]} Qf6 {[%clk 0:29:51]} 43. hxg5+ {[%clk 0:31:20]}
Qxg5 {[%clk 0:30:14]} 44. Qxb6+ {[%clk 0:31:44]} Kg7 {[%clk 0:30:07]} 45. Qxa6
{[%clk 0:31:48]} Qe5 {[%clk 0:30:10]} 46. Qd3 {[%clk 0:31:54]} Ng6 {[%clk
0:29:58]} 47. a4 {[%clk 0:31:46]} Qg5 {[%clk 0:29:45]} 48. Qd7+ {[%clk 0:31:09]}
Kh6 {[%clk 0:29:56]} 49. Qd6 {[%clk 0:29:14]} Qa5 {[%clk 0:29:36]} 50. Qc6 {[%clk
0:26:55]} Qb4 {[%clk 0:29:30]} 51. Bf3 {[%clk 0:26:33]} Qe1 {[%clk 0:26:21]} 52.
Qb6 {[%clk 0:26:33]} Kg7 {[%clk 0:26:18]} 53. a5 {[%clk 0:26:18]} Ne5 {[%clk
0:26:17]} 54. Qb7+ {[%clk 0:26:09]} Kh6 {[%clk 0:25:58]} 55. a6 {[%clk 0:26:25]}
Nd3 {[%clk 0:25:13]} 56. Qc6+ {[%clk 0:26:31]} Kg5 {[%clk 0:25:01]} 57. Qd5+
{[%clk 0:26:41]} Ne5 {[%clk 0:25:04]} 58. a7 {[%clk 0:27:01]} 1-0

[Event "8th Arber Open"]
[Site "chess24.com"]
[Date "2019.08.04"]
[Round "9"]
[White "Pohl-Kuemmel, Jens-Uwe"]
[Black "Malditz, Dieter"]
[Result "1/2-1/2"]
[Board "27"]
[WhiteElo "2288"]
[WhiteTeam "Post Regensburg"]
[WhiteTitle "FM"]
[WhiteCountry "GER"]
[WhiteFideId "4606639"]
[WhiteEloChange "-8"]
[BlackElo "1869"]
[BlackTeam "SK Ludwigshafen"]
[BlackCountry "GER"]
[BlackFideId "16244028"]
[BlackEloChange "8"]

1. Nf3 {[%clk 1:30:30]} d5 {[%clk 1:30:30]} 2. d4 {[%clk 1:30:30]} Nf6 {[%clk
1:30:30]} 3. c4 {[%clk 1:30:30]} e6 {[%clk 1:30:30]} 4. g3 {[%clk 1:30:30]} Be7
{[%clk 1:30:30]} 5. Bg2 {[%clk 1:30:30]} Nbd7 {[%clk 1:30:30]} 6. Qc2 {[%clk
1:30:30]} c6 {[%clk 1:30:30]} 7. O-O {[%clk 1:30:30]} O-O {[%clk 1:30:30]} 8. Bg5
{[%clk 1:30:30]} Ne4 {[%clk 1:30:30]} 9. Bxe7 {[%clk 1:30:30]} Qxe7 {[%clk
1:30:30]} 10. Nc3 {[%clk 1:30:30]} Nxc3 {[%clk 1:30:30]} 11. Qxc3 {[%clk
1:30:30]} f5 {[%clk 1:30:30]} 12. Rad1 {[%clk 1:30:30]} Nf6 {[%clk 1:30:30]} 13.
Ne5 {[%clk 1:30:30]} Ne4 {[%clk 1:30:30]} 14. Qc2 {[%clk 1:30:30]} Bd7 {[%clk
1:30:30]} 15. b4 {[%clk 1:30:30]} a6 {[%clk 1:30:30]} 16. a4 {[%clk 1:30:30]} Nd6
{[%clk 1:30:30]} 17. e3 {[%clk 1:30:30]} Nf7 {[%clk 1:30:30]} 18. Nxf7 {[%clk
1:30:30]} 1/2-1/2